| 000 -LEADER |
| fixed length control field |
00736cam a2200241 a 4500 |
| 001 - CONTROL NUMBER |
| control field |
264 |
| 003 - CONTROL NUMBER IDENTIFIER |
| control field |
BD-DhUAP |
| 005 - DATE AND TIME OF LATEST TRANSACTION |
| control field |
20210130122656.0 |
| 008 - FIXED-LENGTH DATA ELEMENTS--GENERAL INFORMATION |
| fixed length control field |
201221r20022000ii a b 001 0 eng |
| 020 ## - INTERNATIONAL STANDARD BOOK NUMBER |
| International Standard Book Number |
0538018704 |
| 040 ## - CATALOGING SOURCE |
| Original cataloging agency |
DLC |
| Transcribing agency |
DLC |
| Modifying agency |
BD-DhUAP |
| Language of cataloging |
eng |
| 082 00 - DEWEY DECIMAL CLASSIFICATION NUMBER |
| Classification number |
658.1511 MAT |
| Edition number |
23 |
| 100 ## - MAIN ENTRY--PERSONAL NAME |
| Personal name |
Matz, Adolph. |
| 245 00 - TITLE STATEMENT |
| Title |
Cost accounting : |
| Remainder of title |
planning and control / |
| Statement of responsibility, etc. |
Adolph Matz, Milton F. Usry and Lawrence H. Hammer. |
| 250 ## - EDITION STATEMENT |
| Edition statement |
8th ed. |
| 260 ## - PUBLICATION, DISTRIBUTION, ETC. |
| Place of publication, distribution, etc. |
Delhi : |
| Name of publisher, distributor, etc. |
South-western, |
| Date of publication, distribution, etc. |
c1984. |
| 300 ## - PHYSICAL DESCRIPTION |
| Extent |
xii, 786 pages : |
| Other physical details |
illustrations ; |
| Dimensions |
29 cm. |
| 504 ## - BIBLIOGRAPHY, ETC. NOTE |
| Bibliography, etc. note |
Includes bibliographical references and indexes. |
| 650 #0 - SUBJECT ADDED ENTRY--TOPICAL TERM |
| Topical term or geographic name entry element |
Cost accounting. |
| 700 ## - ADDED ENTRY--PERSONAL NAME |
| Personal name |
Usry, Milton F. |
| 700 ## - ADDED ENTRY--PERSONAL NAME |
| Personal name |
Hammer, Lawrence H. |
| 942 ## - ADDED ENTRY ELEMENTS (KOHA) |
| Source of classification or shelving scheme |
|
| Koha item type |
Book |